• 首页
  • 本馆介绍
  • 公告通知
  • 最新文献
  • 馆藏检索
  • 电子资源
  • 读者导购
  • 参考咨询
  • 我的图书馆
  • 登录
  • 详细信息显示
  • 放入我的书架
  • 预约/预借图书
  • 作者相关作品
  • 分类相关作品
  • 丛书相关作品
  • 出版社相关作品

书目信息

  • 表格格式
  • 工作单格式
  • 卡片格式
题名:
文化超越与文化认知
    
 
作者: 滑明达 著
分册:  
出版信息: 北京   中国社会科学出版社  2006
页数: 212页
开本: 21cm
丛书名:
单 册:
中图分类: G171.22
科图分类:
主题词: 文化--研究--美国--现代 , 文化
电子资源:
ISBN: 7-5004-5411-2
000 00937nam0 2200253 450
001 1252283296
005 20121005143152.53
010    @a7-5004-5411-2@dCNY20.00
100    @a20060529d2006 em y0chiy50 ea
101 0  @achi
102    @aCN@b110000
105    @ay z 000yy
200 1  @a文化超越与文化认知@Awen hua chao yue yu wen hua ren zhi@e美国社会文化研究@f滑明达著
210    @a北京@c中国社会科学出版社@d2006
215    @a212页@d21cm
300    @a北京市重点学科经费资助出版
330    @a本书论述在全球化语境下,开展文化交流、沟通及相互理解和正确认知的模式与途径。着重以中美文化为例,剖析中美文化交流工程中存在的问题,尤其是文化的误读,探索解决跨文化交流障碍的方法。
517 1  @a美国社会文化研究@Amei guo she hui wen hua yan jiu
606 0  @a文化@x研究@y美国@z现代
606 0  @a文化
690    @aG171.22@v4
701  0 @a滑明达@Ahua ming da@f(1950.7~)@4著
801  0 @aCN@bNLC@c20101222
905    @a10447@dG171.22@eJY35
    
    文化超越与文化认知:美国社会文化研究/滑明达著.-北京:中国社会科学出版社,2006
    212页;21cm
    北京市重点学科经费资助出版
    
    ISBN 7-5004-5411-2:CNY20.00
    本书论述在全球化语境下,开展文化交流、沟通及相互理解和正确认知的模式与途径。着重以中美文化为例,剖析中美文化交流工程中存在的问题,尤其是文化的误读,探索解决跨文化交流障碍的方法。
●
相关链接 在E读中查询图书 在五车中查询图书 在当当中查询图书 在豆瓣中查询图书


正题名:文化超越与文化认知     索取号:G171.22/JY35         预约/预借

序号 登录号 条形码 馆藏地/架位号 状态 备注
1 7814467   278144679   学院路分馆/ [索取号:G171.22/JY35] 在馆    
2 7814468   278144688   学院路分馆/ [索取号:G171.22/JY35] 在馆    
唐山师范学院图书馆 欢迎您!
大连网信软件有限公司© 版权所有